000 00492nam a22001577a 4500
005 20260227021031.0
008 260227b |||||||| |||| 00| 0 eng d
020 _a978 112 135145 5
040 _cJHCSC
082 _a005.5
100 _910163
_aCarllo Bambino Q. Bacon | Grace S. Taradao | Onie B. Victoriano
_dAuthor
_eAuthor
245 _aMS Office Laboratory Manual
260 _aPhilippines
_bThe McGraw-Hill Companies
_c2011
300 _a366 pages
_bIncludes Figures
942 _2ddc
_cBOOK
999 _c11383
_d11383